Statistics for Most Visited Countries by Americans

Click here to take the quiz!

General Stats

  • This quiz has been taken 635 times
  • The average score is 8 of 10

Answer Stats

RankTravel destination% Correct
1Mexico
99%
2Canada
98%
5France
98%
3United Kingdom
97%
7Germany
94%
6Italy
94%
10Spain
93%
9China
85%
8Jamaica
47%
4Dominican Republic
39%

Score Distribution

Percentile by Number Answered

Percent of People with Each Score

Your Score History

You have not taken this quiz